Movies by Plot Pictogram II Quiz Stats

 Plays Quiz Updated Jun 18, 2017

Support Sporcle.
Go Orange.
Score 0/20 Timer 08:00
0 Plays Today
% Correct
The Lion King
97.6%
Jurassic Park
97.5%
Jaws
96.3%
The Wizard of Oz
95.4%
Mary Poppins
92%
Bambi
85.7%
Dirty Dancing
81.6%
Life of Pi
78.2%
The Godfather
73.9%
The Shining
73.9%
% Correct
Pulp Fiction
71.9%
Casablanca
66.3%
The Lord of the Rings Trilogy
66%
Pretty Woman
65.2%
The Shawshank Redemption
63.9%
The Exorcist
62.2%
Grease
62.1%
Robin Hood
61.3%
Alien
59.3%
Reservoir Dogs
49.9%

You're not logged in!

Compare scores with friends on all Sporcle quizzes.
OR
Log In
Forgot?

From the Vault

Anime by Opening

by Johnny

If you'd like to see more anime quizzes on Sporcle, be sure to favorite this quiz.
Remove Ads.
Support Sporcle.
Get the best of Sporcle when you Go Orange. This ad-free experience offers more features, more stats, and more fun while also helping to support Sporcle. Thank you for becoming a member.

Show Comments

Extras

Top Quizzes Today


Score Distribution

Your Account Isn't Verified!

In order to create a playlist on Sporcle, you need to verify the email address you used during registration. Go to your Sporcle Settings to finish the process.

Report this User

Report this user for behavior that violates our Community Guidelines.

Details: